000 00456nam a2200193Ia 4500
005 20240823050935.0
008 240823s9999||||xx |||||||||||||| ||und||
020 _a81-7409-075-4
041 _aENGLISH
082 _A621.381 P4
100 _aMaini A K
245 0 _aElectronics and Communication
250 _a10th
260 _c2004
_b"Khanna Publishers,"
500 _aYES
650 _aElectronics
_bElectronics
942 _cBK
999 _c218407
_d218407